Statystyki dla Największe aglomeracje w Szwajcarii

Kliknij tutaj aby rozwiązać quiz!

Ogólne statystyki

  • Ten quiz został rozwiązany 73 razy
  • Średni wynik to 6 z 10

Statystyki odpowiedzi

MiejsceMieszkańcyNazwa% Poprawnych
4.406 900Aglomeracja Berneńska
100%
1.1 315 700Aglomeracja Zuryska
95%
3.645 608Aglomeracja Genewska
86%
2.830 000Aglomeracja Bazylejska
68%
5.402 900Aglomeracja Lozańska
62%
6.209 000Aglomeracja Lucerneńska
48%
7.146 385Aglomeracja Sankt Gallen
36%
8.136 032Aglomeracja Lugano
35%
9.123 416Aglomeracja Winterthur
23%
10.106 736Aglomeracja Baden-Brugg
8%

Rozkład punktacji

Percentyl według liczby udzielonych odpowiedzi

Procent ludzi z każdym wynikiem

Twoja historia wyników

Nie rozwiązałeś tego quizu